Por la España republicana : (Record no. 33635)
[ view plain ]
| 000 -LEADER | |
|---|---|
| campo de control de longitud fija | 01786nam a2200361 i 4500 |
| 001 - NÚMERO DE CONTROL | |
| campo de control | 33635 |
| 003 - IDENTIFICADOR DE NÚMERO DE CONTROL | |
| campo de control | ES-MaACL |
| 005 - FECHA Y HORA DE LA ÚLTIMA TRANSACCIÓN | |
| campo de control | 20240224063057.0 |
| 007 - CAMPO FIJO DE DESCRIPCIÓN FÍSICA--INFORMACIÓN GENERAL | |
| campo de control de longitud fija | t| |
| 008 - DATOS DE LONGITUD FIJA--INFORMACIÓN GENERAL | |
| campo de control de longitud fija | 151209s2011 sp ||||1| spa d |
| 020 ## - NÚMERO INTERNACIONAL ESTÁNDAR DEL LIBRO | |
| Número Internacional Estándar del Libro | 978-84-8154-300-1 |
| 040 ## - FUENTE DE CATALOGACIÓN | |
| Centro/agencia transcriptor | ES-MaACL |
| 080 ## - NÚMERO DE LA CLASIFICACIÓN DECIMAL UNIVERSAL | |
| Número de la Clasificación Decimal Universal | 929 Alcalá Zamora, Niceto (060.64) |
| 080 ## - NÚMERO DE LA CLASIFICACIÓN DECIMAL UNIVERSAL | |
| Número de la Clasificación Decimal Universal | 94(460)"1931/39"(060.64) |
| 245 04 - MENCIÓN DEL TÍTULO | |
| Título | Por la España republicana : |
| Resto del título | los viajes de Niceto Alcalá-Zamora, presidente de la Segunda República : [exposición] / |
| Mención de responsabilidad, etc. | Mª del Carmen Fernández Albéndiz, Leandro Álvarez Rey (coordinadores) ; [comisariado, Leandro Álvarez Rey, Mª del Carmen Fernández Albéndiz ; textos, Leandro Álvarez Rey ... et al.]. |
| 260 ## - PUBLICACIÓN, DISTRIBUCIÓN, ETC. | |
| Lugar de publicación, distribución, etc. | [Córdoba] : |
| Nombre del editor, distribuidor, etc. | Diputación Provinal de Córdoba ; |
| Lugar de publicación, distribución, etc. | [Priego de Córdoba] : |
| Nombre del editor, distribuidor, etc. | Patronato Municipal Niceto Alcalá-Zamora y Torres, |
| Fecha de publicación, distribución, etc. | 2011. |
| 300 ## - DESCRIPCIÓN FÍSICA | |
| Extensión | 387 páginas : |
| Otras características físicas | ilustraciones ; |
| Dimensiones | 28 cm. |
| 500 ## - NOTA GENERAL | |
| Nota general | Anexo documental |
| 504 ## - NOTA DE BIBLIOGRAFÍA, ETC. | |
| Nota de bibliografía, etc. | Referencias bibliográficas |
| 600 17 - PUNTO DE ACCESO ADICIONAL DE MATERIA--NOMBRE DE PERSONA | |
| Nombre de persona | Alcalá Zamora, Niceto, 1877-1949- |
| Subdivisión general | Viajes- |
| Subdivisión geográfica | España- |
| Subdivisión de forma | Exposiciones |
| 9 (RLIN) | 158327 |
| 600 14 - PUNTO DE ACCESO ADICIONAL DE MATERIA--NOMBRE DE PERSONA | |
| Nombre de persona | Alcalá Zamora, Niceto, |
| 9 (RLIN) | 19473 |
| Fechas asociadas al nombre | 1877-1949 |
| 651 #4 - PUNTO DE ACCESO ADICIONAL DE MATERIA--NOMBRE GEOGRÁFICO | |
| Nombre geográfico | España- |
| Subdivisión general | Historia- |
| Subdivisión cronológica | 1931-1939, II República- |
| Subdivisión de forma | Exposiciones. |
| 9 (RLIN) | 8288 |
| 655 #7 - TERMINO DE INDIZACIÓN--GENERO/FORMA | |
| Fuente del término | tgfbne |
| 9 (RLIN) | 193628 |
| Datos o término principal de género/forma | Catálogos de exposiciones |
| 700 1# - ENTRADA AGREGADA--NOMBRE PERSONAL | |
| Nombre de persona | Fernández Albéndiz, María del Carmen. |
| 9 (RLIN) | 158328 |
| 700 1# - ENTRADA AGREGADA--NOMBRE PERSONAL | |
| Nombre de persona | Álvarez Rey, Leandro. |
| 9 (RLIN) | 20931 |
| 710 1# - ENTRADA AGREGADA--NOMBRE DE ENTIDAD CORPORATIVA | |
| Nombre de entidad corporativa o nombre de jurisdicción como elemento de entrada | Córdoba (Provincia). |
| Unidad subordinada | Diputación Provincial. |
| 9 (RLIN) | 3299 |
| 710 2# - ENTRADA AGREGADA--NOMBRE DE ENTIDAD CORPORATIVA | |
| Nombre de entidad corporativa o nombre de jurisdicción como elemento de entrada | Patronato Municipal Niceto Alcalá-Zamora y Torres. |
| 9 (RLIN) | 158329 |
| 852 ## - LOCALIZACIÓN | |
| Ubicación | ES-MaACL |
| Número de control de estantería | A-13470 |
| Sublocalización o colección | R.150834 |
| Ubicación en estantería | Depósito 1 |
| Signatura antigua | Olim: N-6470 |
| Donativo/Legado | Donación: Real Academia Española |
| itemnumber | 34879 |
| 914 ## - NOMBRE ENTIDAD DE DONANTE | |
| RLIN | 6336 |
| Nombre de congreso/reunión o jurisdicción como elemento de entrada | Real Academia Española |
| Unidad subordinada | Donante |
| 942 ## - ELEMENTOS DE ENTRADA SECUNDARIOS (KOHA) | |
| Tipo de ítem Koha | Libro impreso |
| Suprimir en OPAC | No |
| Estatus retirado | Estado de pérdida | Fuente del sistema de clasificación o colocación | Estado de daño | No para préstamo | Biblioteca de origen | Biblioteca actual | Ubicación en estantería | Fecha de adquisición | Fuente de adquisición | Total de préstamos | Signatura topográfica completa | Código de barras | Visto por última vez | Precio de reemplazo | Tipo de ítem Koha |
|---|---|---|---|---|---|---|---|---|---|---|---|---|---|---|---|
| Clasificación decimal universal | Biblioteca del Ateneo de Madrid | Biblioteca del Ateneo de Madrid | Depósito 1 | 09/12/2015 | Donación | A-13470 | 1194558 | 23/02/2023 | 23/02/2023 | Libro impreso |
